Statistics for UEFA Champions League - Winners and Runners-up

Click here to take the quiz!

General Stats

  • This quiz has been taken 392 times
  • The average score is 32 of 42

Answer Stats

Answer% Correct
Barcelona
99%
Liverpool
99%
Real Madrid
99%
Bayern Munchen
98%
Chelsea
98%
Manchester City
98%
Manchester United
98%
Internazionale
97%
Borussia Dortmund
96%
Juventus
96%
Milan
96%
Paris Saint Germain
96%
Porto
94%
Ajax
93%
Tottenham
93%
Atlético de Madrid
92%
Arsenal
91%
Benfica
90%
Nottingham Forest
88%
Olympique Marseille
86%
PSV
83%
Aston Villa
82%
Celtic
81%
Valencia
81%
Monaco
79%
Red Star
79%
Feyenoord
78%
Hamburg
78%
Bayer Leverkusen
74%
Steaua
72%
Roma
71%
Sampdoria
56%
Eintracht Frankfurt
50%
Fiorentina
50%
Leeds
47%
Reims
47%
Malmö
45%
Borussia Mönchengladbach
41%
Partizan
39%
Club Brugge
37%
Saint Étienne
36%
Panathinaikos
34%

Score Distribution

Percentile by Number Answered

Percent of People with Each Score

Your Score History

You have not taken this quiz